LEADER 00945nam 2200253la 450 001 9910482233703321 005 20221102160550.0 035 $a(UK-CbPIL)2090311811 035 $a(CKB)5500000000088835 035 $a(EXLCZ)995500000000088835 100 $a20221102d1671 uy | 101 0 $alat 135 $aurcn||||a|bb| 200 10$aDes. Erasmi Roterod. Apophthegmatum, ex optimis utriusque linguĉ scriptoribus collectorum, libri octo 210 $aAmsterdam $cJohannes van Ravesteyn$d1671 215 $aOnline resource ([24], 642, [27] p, 12°) 300 $aReproduction of original in Koninklijke Bibliotheek, Nationale bibliotheek van Nederland. 700 $aErasmus$b Desiderius$f1536.$0799747 801 0$bUk-CbPIL 801 1$bUk-CbPIL 906 $aBOOK 912 $a9910482233703321 996 $aDes. Erasmi Roterod. Apophthegmatum, ex optimis utriusque linguĉ scriptoribus collectorum, libri octo$92142407 997 $aUNINA